00677nam a2200193 a 450000100100000000500170001000800410002702000150006804000250008308200160010810000300012424501020015426000460025630000400030249000170034250400740035970000330043383000170046600002334020200930022142.0101202s1999 cu ab r 000 0 spa d a9590901670 aDO-SdBNPbspacBNPHU annnnbT153p1 aTamayo Torres, Guillermo,10aPinar del Río :bturismo verde /cGuillermo Tamayo Torres ; edición de José Amieva Dalboys. aLa habana, Cuba :bJosé Martí,c1999. a105, [2] p. :bil., mapas ;c20 cm.1 aConozca Cuba aIncluye referencias bibliográficas y notas al pie de las páginas.1 aAmieva Dalboys, José,eed. 0aConozca Cuba